000 01127cac a22002175a 4500
001 L141530
008 071129i18851958xxk eng u
035 _a(Sirsi) u141530
041 0 _aeng
245 0 1 _a[Collection of material relating to the Land Surveyors' Club]
260 _c1885-1958
300 _a5 items
_b28 x 18 cm., or smaller
340 _aPrinted
351 _cFonds
500 _aThe collection consists of a publication entitled 'The members of the Land Surveyors' Club from its foundation, 21 June 1834 to 21 June 1934 and other information concerning the club', and lists of members of the Club dating from 1885, 1834-1947, 1949 and 1958.
520 _aThe Land Surveyors' Club was founded in 1834, arising out of informal meetings held by a group of land agents between 1830 and 1834. The aim of the Club was to promote the discussion of matters of interest to professional men connected with the land. Meetings were held on the first Monday after Quarter-days.
610 2 4 _aLand Surveyors Club
_94346
651 4 _aUnited Kingdom
_y
690 _aABOUT RICS-RELATED ORGANISATIONS
942 _n0
999 _c116725
_d116725